000 00299nam a22001337a 4500
008 180129b xxu||||| |||| 00| 0 eng d
020 _a9780072327328
041 _aeng
080 _a37
100 _a46
101 _aedu
245 _awriting to learn the sentence
_cmarilyn.s
942 _2udc
_cBK
999 _c41155
_d41155